Recopilación de leyes Notariales y registrales/ (Registro nro. 8343)
[ vista simple ]
| 000 -LEADER | |
|---|---|
| fixed length control field | 02318nam a2200205Ia 4500 |
| 005 - FECHA Y HORA DE LA ÚLTIMA TRANSACCIÓN | |
| control field | 20241203191512.0 |
| 008 - FIXED-LENGTH DATA ELEMENTS--GENERAL INFORMATION | |
| fixed length control field | 230609s9999 xx 000 0 und d |
| 040 ## - CATALOGING SOURCE | |
| Original cataloging agency | UPAN |
| Transcribing agency | Biblioteca San Vicente |
| Description conventions | RCAA2 |
| 041 ## - LANGUAGE CODE | |
| Language code of text/sound track or separate title | spa |
| 082 ## - DEWEY DECIMAL CLASSIFICATION NUMBER | |
| Classification number | 348.023 |
| Item number | M633r |
| año de publicación | 2007 |
| 100 ## - MAIN ENTRY--PERSONAL NAME | |
| Personal name | Mendoza Orantes, Ricardo |
| Relator code | ed. |
| 245 #0 - TITLE STATEMENT | |
| Title | Recopilación de leyes Notariales y registrales/ |
| Statement of responsibility, etc | Ricardo Mendoza Orantes |
| 250 ## - EDITION STATEMENT | |
| Edition statement | 20° ed. |
| 260 ## - PUBLICATION, DISTRIBUTION, ETC. (IMPRINT) | |
| Place of publication, distribution, etc | El Salvador: |
| Name of publisher, distributor, etc | Jurídica Salvadoreña, |
| Date of publication, distribution, etc | 2007 |
| 300 ## - PHYSICAL DESCRIPTION | |
| Extent | 364 p.; |
| Dimensions | 21 cm. |
| 505 ## - FORMATTED CONTENTS NOTE | |
| Formatted contents note | 1. Ley de notariado. <br/>2. Ley de ejercicio notarial de la jurisdicción voluntaria y de otras diligencias. <br/>3. Exposición de motivos de la ley de la dirección general de registros. <br/>4. Ley de la dirección general de registros. <br/>5. Creación del Centro Nacional de registros y su régimen administrativo. <br/>6. Decreto legislativo que complementa al decreto ejecutivo Nª62, que creo al Centro Nacional de Registros. <br/>7. Código Civil. Titulo VI de la tradición y del registro de la propiedad raíz e hipotecas. <br/>8. Ley de procedimientos uniformes para la presentación, tramite y registro o deposito de instrumentos en los registros de la propiedad raíz e hipotecas, social inmuebles de comercio y de propiedad intelectual. <br/>9. Ley relativa a las tarifas y otras disposiciones administrativas del registro de propiedad raíz e hipotecas. <br/>10. Decretos mediante los cuales se autoriza el sistema de fotocopias para hacer las inscripciones en el registro de la propiedad raíz e hipotecas. <br/>11. Ley de propiedad inmobiliaria por pisos y apartamentos. <br/>12. Ley sobre títulos de predio urbano. <br/>13. Ley del catastro. <br/>14. Ley de ingenieros topógrafos. <br/>15. Ley de reestructuración del registro de la propiedad raíz e hipotecas. <br/>16. reglamento de la ley de reestructuración del registro de la propiedad raíz e hipotecas. <br/>17. Creación del instituto libertad y progreso. <br/>18. Creación de un programa especial denominado " El Salvador país de propietarios". <br/>19 Reglamento para la calificación de proyectos de interés social por parte del instituto libertad y progreso. <br/>20. Ley creación de la unidad del registro social de inmuebles. Entre otras |
| 650 ## - SUBJECT ADDED ENTRY--TOPICAL TERM | |
| Source of heading or term | LEMB |
| General subdivision | Derecho notarial |
| Geographic subdivision | El Salvador |
| 650 ## - SUBJECT ADDED ENTRY--TOPICAL TERM | |
| Source of heading or term | LEMB |
| General subdivision | Derecho registral |
| Geographic subdivision | El Salvador |
| 942 ## - ADDED ENTRY ELEMENTS (KOHA) | |
| Koha item type | Libros |
| Source of classification or shelving scheme | Dewey Decimal Classification |
| Withdrawn status | Lost status | Source of classification or shelving scheme | Damaged status | Not for loan | Collection code | Home library | Current library | Date acquired | Total Checkouts | Full call number | Barcode | Date last seen | Price effective from | Koha item type | Copy number |
|---|---|---|---|---|---|---|---|---|---|---|---|---|---|---|---|
| Dewey Decimal Classification | Colección General | Biblioteca UPAN San Vicente | Biblioteca UPAN San Vicente | 09/06/2023 | 348.023 M633r | 12000922 | 09/06/2023 | 09/06/2023 | Libros | ||||||
| Dewey Decimal Classification | Colección General | Biblioteca UPAN San Vicente | Biblioteca UPAN San Vicente | 20/06/2023 | 348.023 M633r | 12000921 | 20/06/2023 | 20/06/2023 | Libros | 01 | |||||
| Dewey Decimal Classification | Colección General | Biblioteca UPAN San Vicente | Biblioteca UPAN San Vicente | 20/06/2023 | 348.023 M633r | 12000920 | 20/06/2023 | 20/06/2023 | Libros | 02 |